| 000 | 00938nam a22002897a 4500 | ||
|---|---|---|---|
| 001 | BR8800237 | ||
| 003 | BR-BrBNA | ||
| 005 | 20230928092821.0 | ||
| 007 | ta | ||
| 008 | 230509b bl.||||| |||| 00| 0 por d | ||
| 040 |
_aBR-BrBNA _bpor _cBiblioteca Nacional de Agricultura |
||
| 041 | _a(Por) | ||
| 072 |
_aL02 _b5210 _b/G514 |
||
| 090 | _ 5210 BR8800237 | ||
| 100 | 1 | _aEzequiel, J.M.B. | |
| 110 | 1 |
_aUniversidade Federal de Vicosa, MG (Brasil) _0Tese (Doctor Scientiae) |
|
| 245 | 1 | _aExigencias de proteina e minerais de conideos: fracoes endogenas | |
| 260 | 3 |
_aVicosa, MG (Brasil): _c1987. |
|
| 300 | _a131 p. | ||
| 500 | _a58 tables; Bibliography p. 93-101 (84 ref.); Summary (Por). (*) Documento disponível na(o) Universidade Federal de Vicosa, MG (Brazil) | ||
| 650 | _aBOVIDEO | ||
| 650 | _aEXIGENCIA NUTRICIONAL | ||
| 650 | _aPROTEINA | ||
| 650 | _aMINERAL | ||
| 909 |
_a202309 _bLucia _c55 _dLucia Elande |
||
| 942 | _cBK | ||
| 999 |
_c41367 _d41367 |
||